Cổ học tinh hoa Tập 2

.

Wedi'i Gadw mewn:
Manylion Llyfryddiaeth
Prif Awdur: Ôn Như Nguyễn Văn Ngọc (t.g)
Awduron Eraill: Tử An Trần Lê Nhân (t.g)
Fformat: Llyfr
Iaith:Vietnamese
Cyhoeddwyd: H. Sử văn hoá thông tin Hà Sơn Bình 1989
Pynciau:
Tagiau: Ychwanegu Tag
Dim Tagiau, Byddwch y cyntaf i dagio'r cofnod hwn!
Thư viện lưu trữ: Mạng thư viện Đại học Đà Nẵng
LEADER 01174nam a2200361 4500
001 000006816
003 2976
005 20120515080533.0
008 110921s1989 viesd
020 |c 15000 
041 0 |a vie 
082 |a 170  |b NG-N 
100 0 |a Ôn Như Nguyễn Văn Ngọc 
245 1 0 |a Cổ học tinh hoa  |c Ôn Như Nguyễn Văn Ngọc, Tử An Trần Lê Nhân  |n Tập 2 
260 |a H.  |b Sử văn hoá thông tin Hà Sơn Bình  |c 1989 
300 |a 172tr  |c 19cm 
520 |a . 
653 |a Cổ học 
653 |a Trung Hoa 
653 |a Văn hoá 
700 |a Ôn Như Nguyễn Văn Ngọc  |e t.g 
700 |a Tử An Trần Lê Nhân  |e t.g 
773 |t Cổ học tinh hoa  |w 2973 
OWN |a LSP 
AVA |a UDN50  |b LSP  |d 170 NG-N  |e available  |t Error 5001 Not defined in file expand_doc_bib_avail.  |f 3  |g 1  |h N  |i 0  |k 1 
999 |a From the UDN01 
AVA |a UDN50  |b LSP  |d 170 NG-N  |e available  |t Error 5001 Not defined in file expand_doc_bib_avail.  |f 3  |g 1  |h N  |i 0  |k 1 
TYP |a Monograph 
TYP |a Printed language 
980 |a Mạng thư viện Đại học Đà Nẵng